| 000 | 00462nam a2200169 i 4500 | ||
|---|---|---|---|
| 001 | 92524 | ||
| 003 | ES-MaACL | ||
| 005 | 20230906181006.0 | ||
| 007 | t| | ||
| 008 | 050310s1943 sp ||||1| spa d | ||
| 100 | 1 |
_aLinklater, Eric. _972447 |
|
| 245 | 1 | 0 |
_aJuan en los Estados Unidos / _cEric Linklater. |
| 260 |
_aMadrid : _bEspasa-Calpe, _c[1943] |
||
| 300 |
_a348 p. ; _c23 cm. |
||
| 500 | _aVersión en castellano. | ||
| 852 |
_aES-MaACL _jF-16205 _bR.21041 |
||
| 999 |
_c92524 _d92524 |
||